[Event "Istanbul Bagcilar op"]
[Site "Istanbul"]
[Date "2023.09.08"]
[Round "7"]
[White "Ilbasmis, Kayra"]
[Black "Ozates, Veysel"]
[Result "1/2-1/2"]
[WhiteElo "1111"]
[BlackElo "1585"]
[PlyCount "87"]
[EventDate "2023.09.03"]
[EventType "swiss"]
[EventRounds "9"]
[EventCountry "TUR"]
[SourceTitle "EXT 2024"]
[Source "ChessBase"]
[SourceDate "2023.10.10"]
[SourceVersion "1"]
[SourceVersionDate "2023.10.10"]
[SourceQuality "1"]

1. e4 c5 2. Nf3 d6 3. d4 cxd4 4. Bb5+ Nd7 5. Nxd4 a6 6. Bc4 Ngf6 7. 0-0 Nxe4 8. Bxf7+ Kxf7 9. Qh5+ g6 10. Qd5+ Ke8 11. Qxe4 Nf6 12. Qe2 Kf7 13. Nc3 e5 14. Nf3 Be7 15. Bh6 Ng4 16. Be3 Be6 17. Rad1 Qc8 18. Ng5+ Kg7 19. Nxe6+ Qxe6 20. Nd5 Nxe3 21. Qxe3 Rac8 22. Qb6 Bg5 23. Qxb7+ Kh6 24. Qxa6 Rxc2 25. Qa3 Rb8 26. Ne3 Rcxb2 27. Qxd6 Qxd6 28. Rxd6 Bxe3 29. fxe3 Rxa2 30. Rdf6 Re2 31. R6f3 Rb3 32. Rh3+ Kg7 33. Rff3 e4 34. Rf4 g5 35. Rg3 Kg6 36. h4 h6 37. Rxe4 Rb1+ 38. Kh2 Rb5 39. Re6+ Kh5 40. hxg5 hxg5 41. Rh3+ Kg4 42. Rg6 Rxg2+ 43. Kxg2 Rb2+ 44. Kh1 1/2-1/2

[Event "TUR-ch Seniors 50"]
[Site "Ankara"]
[Date "2023.05.25"]
[Round "7"]
[White "Ozates, Veysel"]
[Black "Erdeveciler, Cem"]
[Result "1-0"]
[WhiteElo "1582"]
[BlackElo "1532"]
[PlyCount "101"]
[EventDate "2023.05.19"]
[EventType "swiss"]
[EventRounds "9"]
[EventCountry "TUR"]
[SourceTitle "CBM 214 Extra"]
[Source "ChessBase"]
[SourceDate "2023.07.31"]
[SourceVersion "1"]
[SourceVersionDate "2023.07.31"]
[SourceQuality "1"]

1. e4 g6 2. d4 d6 3. Nf3 Bg7 4. Nc3 Bd7 5. Be2 a6 6. a4 Nc6 7. Be3 Nf6 8. h3 e6 9. Qd2 Qe7 10. 0-0 0-0 11. Rfe1 Rfe8 12. e5 dxe5 13. dxe5 Nd5 14. Bg5 f6 15. exf6 Bxf6 16. Nxd5 exd5 17. Bc4 Qd6 18. Qxd5+ Qxd5 19. Bxd5+ Kg7 20. Bf4 Bxb2 21. Rab1 Bc3 22. Rxe8 Rxe8 23. Rxb7 Nb4 24. Rxc7 Nxd5 25. Rxd7+ Ne7 26. Ra7 a5 27. Be5+ Bxe5 28. Nxe5 Kf6 29. Rxa5 Nf5 30. Nf3 Rc8 31. Ra6+ Kf7 32. g4 Ng7 33. Ng5+ Kg8 34. c3 Ne8 35. Ne4 Rc4 36. f3 Nc7 37. Rd6 Kf8 38. Rd7 h5 39. Rd8+ Kg7 40. g5 Ne6 41. Rd7+ Kf8 42. a5 Ra4 43. Ra7 Nf4 44. h4 Ra2 45. a6 Ne2+ 46. Kf1 Nf4 47. Ra8+ Ke7 48. a7 Ng2 49. Rh8 Ne3+ 50. Kg1 Rxa7 51. Rh7+ 1-0